Statistics for NBA Multiple Choice (Easy)

Click here to take the quiz!

General Stats

  • This quiz has been taken 33 times
  • The average score is 8 of 10

Answer Stats

QuestionAnswer% Correct
Who's nickname is the Black MambaKobe Bryant
100%
Who has the all time record for most points in a single gameWilt Chamberlain
100%
Most NBA ChampionshipsBill Russell
96%
Who has the most finals MVPsMichael Jordan
93%
Which one of these players have never won a NBA championshipAllen Iverson
89%
Which NBA player is considered by the majority as the GOATMichael Jordan
89%
Who is the leading all time scorer (regular season)Lebron James
75%
Who holds the record for most 3 pointers in a gameKlay Thompson
68%
Most NBA Regular Season MVPSKareem Abdul-Jabbar
64%
First Player to average a triple double in a seasonOscar Robertson
64%

Score Distribution

Percentile by Number Answered

Percent of People with Each Score

Your Score History

You have not taken this quiz